Ruhama Quiz SVHS - Statistics

General Stats
  • This quiz has been taken 3 times
  • The average score is 5 of 6
Answer Stats
Hint Answer % Correct
How many languages do I speak? 3
100%
Favorite conspriacy? moon landing
100%
What sport do I play? track
100%
What teacher do I think is fine? david
67%
Who is my best friend? nom
67%
Do I like women? who knows
33%
No matching quizzes found
Score Distribution
Percent of People with Each Score
Percentile by Number Answered
Your Score History
You have not taken this quiz